SPC: practical understanding of capability by implementing statistical process control

Saved in:
Bibliographic Details
Main Author: Abbott, James C (Author)
Format: Book
Language:English
Published: Greenville Robert Houston Smith 1999
Series:Walkabout Series
Subjects:
Tags: Add Tag
No Tags, Be the first to tag this record!

MARC

LEADER 00000nam a2200000 a 4500
001 UCG5255
003 CL-VaPUC
008 110120e19990000us |||||||||||||||||eng|d
020 |a 1887355030 
082 0 4 |a 658.562  |b ABB  |2 21 
100 0 |a Abbott, James C  |e author  |9 554892 
245 1 0 |a SPC: practical understanding of capability by implementing statistical process control 
300 |a 406 p 
942 |c BK 
945 |d 20110120 00:00:00  |a cmena 
260 |a Greenville  |b Robert Houston Smith  |c 1999 
650 0 |a Control de calidad   |9 259714 
650 0 |a Métodos estadísticos   |9 259407 
650 7 |a PROCESOS DE CONTROL  |2 CL-VaPUC  |9 401710 
650 0 |a Estadística matemática  |9 260028 
583 |a last modification  |c 20171218 01:58:08  |k Rodrigo Vera 
490 0 |a Walkabout Series 
999 |c 343814  |d 343812 
952 |0 0  |1 0  |4 0  |6 658_562000000000000_ABB_1999  |7 0  |8 A  |9 441434  |a BIBING  |b BIBING  |d 2019-11-22  |i 4750578  |o 658.562 ABB 1999  |p 4750578  |r 2025-01-20  |w 2019-11-22  |y BK  |k EII